000 00453nam a2200181 a 4500
001 1767425682405
003 ACL
005 20260103130633.0
008 260103s2017##################000#0#eng##
020 _a9781680956443
082 0 4 _a647.94068
_bMRA
100 1 _a3G E-learning LLC, USA,
_eauthor.
245 1 0 _aHospitality Insurance and Risk Management :
260 _c2017.
300 _a244 pages
942 _cENGLISH
040 _aACL
_beng
_cACL
999 _c607136
_d607136